|
|
|
|
| LEADER |
01345nam a2200277 u 4500 |
| 001 |
10001373 |
| 003 |
GR-PaULI |
| 005 |
20210117203307.0 |
| 008 |
881025s1988 us eng |
| 020 |
|
|
|a 0444704612
|
| 040 |
|
|
|a GR-PaULI
|c GR-PaULI
|b gre
|e AACR2
|
| 082 |
|
|
|2 23
|a 338.1
|
| 245 |
0 |
4 |
|a The agro-technological system towards 2000
|b a European perspective /
|c G. Antonelli and A. Quardio-Curzio (Editor).
|
| 260 |
|
|
|a Amsterdam :
|b North-Holland,
|c 1988.
|
| 300 |
|
|
|a xvi, 297 σ. :
|b εικ. ;
|c 23 εκ.
|
| 490 |
0 |
|
|a Contribution to Economic Analysis ;
|v 174.
|
| 504 |
|
|
|6 Περιλαμβάνει βιβλιογραφία και ευρετήριο.
|
| 650 |
|
0 |
|a Γεωργία
|9 1706
|x Οικονομικές απόψεις
|
| 700 |
1 |
|
|a Antonelli, Gilberto
|9 106179
|e επιμελητής.
|
| 700 |
1 |
|
|a Quadrio Curzio, Alberto
|9 66720
|e επιμελητής.
|
| 830 |
|
|
|9 163397
|a Contribution to Economic Analysis
|v 174.
|
| 942 |
|
|
|2 ddc
|c BK15
|
| 952 |
|
|
|0 0
|1 0
|2 ddc
|4 0
|6 338_100000000000000_AGR
|7 0
|9 111007
|a LISP
|b LISP
|c BSC
|d 2016-04-24
|i 10103
|l 0
|o 338.1 AGR
|p 025000049915
|r 2016-04-24 00:00:00
|t 1
|y BK15
|
| 952 |
|
|
|0 0
|1 0
|2 ddc
|4 0
|6 338_100000000000000_AGR
|7 0
|9 214308
|a LISP
|b LISP
|c BSC
|d 2017-07-25
|i 10311
|l 0
|o 338.1 AGR
|p 025000049901
|r 2017-07-25 00:00:00
|t 2
|v 2017.00
|w 2017-07-25
|y BK15
|
| 998 |
|
|
|c ΜΠΟΥΡΑΣ
|d 2017-07
|
| 999 |
|
|
|c 74314
|d 74314
|